| 000 | 01158nam a2200313 a 4500 | ||
|---|---|---|---|
| 001 | ebr10146630 | ||
| 003 | CaPaEBR | ||
| 006 | m u | ||
| 007 | cr cn||||||||| | ||
| 008 | 050624s2006 maua s 001 0 eng d | ||
| 010 | _z 2005929806 | ||
| 020 | _z1598630342 | ||
| 024 | 3 | _a9781598630343 | |
| 040 |
_aCaPaEBR _cCaPaEBR |
||
| 035 | _a(OCoLC)567916101 | ||
| 050 | 1 | 4 |
_aTK7881.4 _b.G47 2006eb |
| 082 | 0 | 4 |
_a621.389/32 _222 |
| 100 | 1 | _aGervais, Rod. | |
| 245 | 1 | 0 |
_aHome recording studio _h[electronic resource] : _bbuild it like the pros / _cby Rod Gervais. |
| 260 |
_aBoston, Mass. : _bThomson Course Technology, _cc2006. |
||
| 300 |
_axii, 326 p. : _bill. |
||
| 500 | _aIncludes index. | ||
| 533 |
_aElectronic reproduction. _bPalo Alto, Calif. : _cebrary, _d2013. _nAvailable via World Wide Web. _nAccess may be limited to ebrary affiliated libraries. |
||
| 650 | 0 |
_aSound _xRecording and reproducing. |
|
| 650 | 0 | _aSound studios. | |
| 655 | 7 |
_aElectronic books. _2local |
|
| 710 | 2 | _aebrary, Inc. | |
| 856 | 4 | 0 |
_uhttp://site.ebrary.com/lib/rucke/Doc?id=10146630 _zAn electronic book accessible through the World Wide Web; click to view |
| 999 |
_c190214 _d190214 |
||